000 00684nam a2200229 a 4500
001 3874166
005 20180127040306.0
008 891227s1990 maua bf 001 0 eng
010 _a 89064450
020 _a0781721725 (pbk.)
040 _aDLC
_cDLC
041 _aeng
080 _a616.61
082 0 0 _a616.61 SCH
_220
100 _a4
101 _aSHM
245 0 0 _aManual of nephrology :
_cedited by Robert W. Schrier.
504 _aIncludes bibliographical references and index.
906 _a7
_bcbc
_corignew
_d3
_eopcn
_f19
_gy-gencatlg
942 _2ddc
_cBK
999 _c41078
_d41078